00494nam a2200193Ia 4500003000400000005001700004008004100021020002200062040000700084041000800091082001500099100004000114245003800154260004500192300001400237365001300251650002000264650001600284OSt20230602094552.0210423s2014 xx 000 0 und d a978-93-81138-82-3 cAL aeng a361.3 FERS aFERNANDEZ (Alex.B);GEETHAKUMARI (K) aSocial work and rural development aDelhibPacific Books Internationalc2014 aV,274bHB b995cINR aSocial Sciences aSocial Work